01334cam a2200313 i 4500001002200000003000700022005001700029007000700046008004100053010001700094040004700111020001500158020001800173035001900191043001200210050002300222082001200245100002600257245006100283250001200344260003100356300003300387504006400420651003700484856009500521856010000616506015000716506015400866chineseheritage00wukuCaSfIA20210117223827.0cr||||810109s1982 nyua b 001 0 eng  a 80028846  aDLCcDLCdOCLCQdBTCTAdOCLCGdCCVdCaSfIA a051754475X a9780517544754 a(OCoLC)7197395 aa-cc---00aDS741.65b.W8 19810 a9312191 aWu, Kuo-Cheng,d1903-14aThe Chinese heritage /h[electronic resource] cK.C. Wu. a1st ed. aNew York :bCrown,cc1982. axi, 496 p. :bill. ;c25 cm. aIncludes bibliographical references (p. 468-479) and index. 0aChinaxCivilizationyTo 221 B.C.41uhttp://www.archive.org/details/chineseheritage00wukuzFree eBook from the Internet Archive42uhttp://www.openlibrary.org/books/OL4113717MzAdditional information and access via Open Library fНеобхідна авторизація на https://archive.org/ (створення облікового запису безкоштовно) fНеобхідна авторизація на https://openlibrary.org/ (створення облікового запису безкоштовно)